000 00708nam a2200241 a 4500
001 69974
003 BD-RjUL
005 20211209081942.0
008 170415s1984 maua 001 0 eng
020 _a039588831X (student text)
035 _a(BD-RjUL)70186
040 _aDLC
_cDLC
_dDLC
_beng
041 _aeng
082 0 0 _223
_a512
_bAUI 1984
100 1 _aAufmann, Richard N.
_9201379
245 1 0 _aIntermediate algebra :
_ban applied approach. /
_cRichard N. Aufmann and Vernon C. Barker
260 _aBoston :
_bHoughton Mifflin,
_c1984
300 _a606 p. :
_bill. ;
_c28 cm.
500 _aIncludes index.
650 0 _aAlgebra.
_9207263
700 1 _aBarker, Vernon C.
_9206320
942 _2ddc
_cBK
999 _c69974
_d69974